| 000 | 00416nam a22001697a 4500 | ||
|---|---|---|---|
| 003 | LK-CoDNM | ||
| 005 | 20240912091510.0 | ||
| 008 | 240912b |||||||| |||| 00| 0 eng d | ||
| 040 |
_aLK-CoDNM _dLK-CoDNM _eLK-CoDNM |
||
| 041 | _aeng | ||
| 080 |
_a6 _bL35.1 |
||
| 100 | _aSenaviratna,John.M | ||
| 245 | _aSri-Pada (Adm's Peak) | ||
| 260 |
_aThe Ceylon Daily News _bColombo |
||
| 300 | _a48p ; 18cm | ||
| 942 | _cBK | ||
| 999 |
_c151967 _d151967 |
||